| 000 | nam a22 7a 4500 | ||
|---|---|---|---|
| 999 |
_c27924 _d27923 |
||
| 003 | OSt | ||
| 005 | 20170518104756.0 | ||
| 008 | 170515b xxu||||| |||| 00| 0 eng d | ||
| 020 | _a9780132479042 | ||
| 040 |
_aMMU _beng _cMMU _dMMU |
||
| 050 | _aHD 66 .T478 2011 | ||
| 100 | _aThompson Leigh L. | ||
| 245 |
_aMaking the team a guide for managers/ _cLeigh L. Thompson. |
||
| 250 | _a4th ed. | ||
| 260 |
_aNew York: _bPearson; _c2011. |
||
| 300 | _axxi,450p.; | ||
| 500 | _aIncludes bibliographical references and index | ||
| 650 | _aA guide for managers | ||
| 942 |
_2lcc _cLOAN LOAN _e4th ed. |
||